Statistics for Cities Beginning With "E, F, G" on a Map

Click here to take the quiz!

General Stats

  • This quiz has been taken 11,529 times
  • The average score is 16 of 30

Answers on the Map

Answers color-coded by a green-red scale on the quiz's map according to % correct below.
 

Answer Stats

City% Correct
Edinburgh
88%
Glasgow
83%
Frankfurt
80%
Edmonton
77%
Florence
76%
Guatemala City
73%
Gdańsk
71%
Genoa
68%
Gothenburg
68%
Geneva
67%
Guangzhou
67%
El Paso
66%
Guadalajara
65%
Fez
60%
Freetown
57%
Granada
57%
Gaza
55%
Gaborone
54%
Fortaleza
46%
Fort Worth
45%
Graz
44%
Guayaquil
43%
Fukuoka
37%
George Town
33%
Guantánamo
31%
Faisalabad
29%
Greensboro
27%
Funchal
24%
Erbil
23%
Eilat
16%

Score Distribution

Percentile by Number Answered

Percent of People with Each Score

Your Score History

You have not taken this quiz